000 00687nam a2200241Ia 4500
003 OSt
005 20221006153744.0
006 a|||||r|||| 00| 0
007 ta
008 221006b |||||||| |||| 00| 0 eng d
020 _a0415319137
_cY8,614
024 _a33,247
037 _bGift, Shinnyo-en
_cAnnuals, Advances
040 _aEASL
_cEASL
_beng
041 _2eng
_aeng
082 _aQ8421v, P3
100 _aNOBUTAKA Inoue Ed.
_9665279
245 0 _aShinto-A short history
260 _aLondon
_bRoutledge
_c2003
300 _axiii,223p.
_ccm.
942 _hQ8421v, P3
_cREF
_2CC
999 _c1101333
_d1101333